000 00531nam a2200181Ia 4500
005 20250326143145.0
008 250326s9999 xx 000 0 und d
037 _aTextbook
040 _aFMSL
_beng
_cFMSL
041 _aeng
_2eng
084 _aX652 L9
_qFMSL
100 _aTinic S
_9747250
245 0 _aInvesting in Securities: An efficient Markets Approach
_cTinic S
260 _aLondon
_bLondon, Addison-Wesley Publishing company
_c1979
300 _a612p
942 _cTB
_hX652 L9
999 _c1298364
_d1298364